Animateur d'émission TV - Statistiques

Statistiques générales
  • Ce quiz a été pris 455 fois
  • Le résultat moyen est 10 sur 15
Statistiques - réponses
Émissions Animateur % Correct
Vendredi tout est permis Arthur
91%
N'oubliez pas les paroles ! Nagui
90%
Touche pas a mon poste Cyril Hanouna
87%
Koh Lanta Denis Brogniart
77%
Les douze coups de midi Jean-luc Reichmann
77%
Fort Boyard Olivier Minne
76%
Money Drop Laurence Boccolini
75%
Danse avec les stars (Saison 2018) Camille Combal
74%
Slam Cyril Féraud
70%
On n'est pas couché Laurent ruquier
70%
Pékin express Stéphane Rotenberg
54%
Motus Thierry Beccaro
54%
Strike Vincent Lagaf
46%
Crimes Jean-Marc Morandini
33%
Audition Secrete Eric Antoine
11%
Aucun quiz correspondant
Distribution des résultats
% des personnes avec chaque résultat
Percentile par nombre de réponses
Votre historique - résultats
Vous n’avez pas pris ce quiz